Cartoon and Comic Characters - Statistics

General Stats
  • This quiz has been taken 37 times
  • The average score is 4 of 5
Answer Stats
Question Answer % Correct
Which of these hates Mondays? Garfield
94%
Which of these is Australian? Bluey
78%
Which of these is a Beagle? Snoopy
78%
Which of these is a reporter? Tintin
72%
Which of these characters has toes shaped like beans? Pusheen
56%
No matching quizzes found
Score Distribution
Percent of People with Each Score
Percentile by Number Answered
Your Score History
You have not taken this quiz